| 000 | 00877cab a2200253 4500 | ||
|---|---|---|---|
| 001 | WB3408-19 | ||
| 008 | 090401t1998 xxu||||| |||| 00| 0 eng d | ||
| 035 | _a(Sirsi) u84456 | ||
| 041 | _aeng | ||
| 245 | _aWhen a right of way is a road to ruin | ||
| 260 | _c1998 | ||
| 350 | _a0 | ||
| 490 |
_aDaily Telegraph _v24 February 1998, 10(2) |
||
| 520 | _aJohn Major has asked the government to investigate claims that county councils size private land for rights of way on the basis of mere assertions from ramblers that historic rights existed there. Includes case histories. | ||
| 650 | _aCOUNTRYSIDE RIGHTS ASSOCIATION | ||
| 650 | _aDEFINITIVE MAPS | ||
| 650 | _aLOCAL AUTHORITIES | ||
| 650 | _aPRIVATE LAND | ||
| 650 | _aRAMBLERS ASSOCIATION | ||
| 650 | _aRIGHTS OF WAY | ||
| 690 | _aHIGHWAYS RIGHTS OF WAY AND EASEMENTS | ||
| 942 | _n0 | ||
| 948 | _c24/02/1998 | ||
| 999 |
_c53073 _d53073 |
||